000 00206 a2200085 4500
020 _a9780500285381
100 _aBetsky, Aaron
245 _aLandscrapers: Building with the Land
260 _bThames & Hudson
_c2006
999 _c11213
_d11213